00959nac a22002411u 4500020001500000082002100015090001500036100003400051245019400085260003900279300001800318650002100336650002400357650002000381650001700401700001900418710003500437710005400472710004500526942002300571999001500594952010800609 a0727716387 a363.60285bR6431 c4048d4048 a20080729  aAdvanced Technology in water management:bProceedings of the conference organized by the Institiution of civil engineers and held in london on 27-28 November 1990 /cEdited by k. F. Roberts aLondon:bThomas Telford,1991c1991 a257p.;c23cm. awater management aadvanced technology acivil engineers awater supply aRoberts, K. F. aInstitution of civil engineers aInstitution of Water and Environmental Management a International Water Supply Association. cBBk363.60285R6431 c4048d4048 00104070aMAINbMAINc1STd2016-08-07ePurchasel0o363.60285 ADVp000000031r2025-07-15 00:00:00yBB